| 000 | 01413cam a2200253 4500 | ||
|---|---|---|---|
| 001 | L129215 | ||
| 008 | 050401n2005 000 0 eng u | ||
| 020 | _a1844071235 | ||
| 035 | _a(Sirsi) u129215 | ||
| 041 | _aeng | ||
| 050 |
_a634.9 _c18 |
||
| 100 | _aNussbaum, Ruth | ||
| 245 | 4 | _aThe forest certification handbook | |
| 250 | _a2nd ed. | ||
| 260 |
_aLondon _bEarthscan _c2005 |
||
| 300 |
_axiv, 300p. _c25cm. |
||
| 350 | _a39.95 | ||
| 490 | _aThe Earthscan Forestry Library | ||
| 520 | _aConcerns all aspects of forest and wood product certification from policy to business and field technical issues. The second, updated edition of this standard work first published in 1995' offers comprehensive information on developing, selecting and operating a forest certification programme that provides both market security and raises forest management standards. Covers: how to get your forest certified; how forest certification schemes work; forest certification in practice; and existing forest certification schemes. The final part of the book examines forest certification in context: policy progress and remaining issues. Appendices contain an overview of existing schemes and further sources of information. Glossary and references. | ||
| 590 | _aIKA070605 | ||
| 690 | _aENVIRONMENTAL AND LAND CONSULTANCY-FORESTRY AND WOODLAND MANAGEMENT-FORESTRY | ||
| 700 | _aSimula, Markku | ||
| 942 | _n0 | ||
| 999 |
_c104130 _d104130 |
||